Biblioteca

Ética cristiana del trabajo (Registro nro. 60054)

Detalles MARC
000 -LÍDER
Campo fijo de descripción fija 01316aab a2200217 4500
001 - NÚMERO DE CONTROL
Campo de control 768714001
003 - IDENTIFICADOR DEL NÚMERO DE CONTROL
Campo de control CO-MdFUSB
005 - FECHA Y HORA DE LA ULTIMA TRANSACCIÓN
control field 20240613153222.0
008 - ELEMENTOS DE LONGITUD FIJA -- INFORMACIÓN GENERAL
Campo fijo de descripción fija -- Información general 170523s2000 cr ||||| |||| 00| 0 spa d
022 ## - NÚMERO INTERNACIONAL NORMALIZADO PARA PUBLICACIONES SERIADAS
Número Internacional Normalizado para Publicaciones Seriadas 1409-1968
040 ## - FUENTE DE CATALOGACIÓN
Agencia Catalogadora CO-MdFUSB
Idioma de catalogación spa
Agencia que realiza la transcripción CO-MdFUSB
Agencia que realiza la modificación CO-MdFUSB
041 ## - CÓDIGO DE IDIOMA
Código de idioma para texto/pista de sonido o título separado spa
100 1# - ASIENTO PRINCIPAL--NOMBRE PERSONAL
Nombre personal Burt, David F.
Término relacionador autor
245 10 - TÍTULO
Título Ética cristiana del trabajo
Mención de responsabilidad / David F. Burt
300 ## - DESCRIPCIÓN FÍSICA
Extensión Volumen 17. Número 3 (2000), páginas 76-82
Dimensiones : 27 cm.
520 ## - NOTA DE RESUMEN, ETC.
Nota de sumario, etc. Hay dos maneras de vivir la vida: según las construmbres, normas y actitudes de la sociedad a nuestro alrededor o según la regla de Cristo, como corresponde a aquellos que han sido llamados a participar de la nueva vida en Jesús.<br/>La diferencia que existe entre estas dos formas de vivir es tan grande como aquella que existe entre la luz y las tinieblas. Este ha sido el tema del apóstol Pablo en Efesios 4:17-24, donde da principios generales. Luego Pablo procede a describir algunas áreas especificas en las que debemos poner de manifiesto nuestra nueva vivencia. Una de ellas es aprender a deshacernos del espíritu egoísta que nos induce a hurtar.
650 #7 - ASIENTO SECUNDARIO DE MATERIA - TERMINO TEMÁTICO
Término temático o nombre geográfico como elemento de entrada Ética cristiana
9 (RLIN) 185
773 0# - ASIENTO DE ITEM FUENTE
Título Apuntes Pastorales
Biblionumber 49442
Itemnumber 60146
Parte(s) relacionada(s) / Volumen., número. (mes año), páginas Volumen 17. Número 3 (2000), páginas 76-82
Enumeración y primera página Página 76
942 ## - TIPO DE MATERIAL (KOHA)
Tipo de Item KOHA Artículos de Revista
945 ## - INFORMACIÓN LOCAL DEL REGISTRO
Catalogador JTF-925

No hay ítems disponibles.

Biblioteca FUSBC | Teléfono: (57+4) 349 88 10 Ext. 141| WhatsApp (+57) 3005338115 
E-mail: biblioteca@unisbc.edu.co | Calle 76 87-14 Robledo Palenque, Medellín, Colombia

Con tecnología Koha